00324nam a2200133Ia 4500003000400000005001700004008004100021020000800062040002100070100001400091245004500105260003200150300000800182OSt20240328115347.0170524s9999 xx 000 0 und d aNIL cIIMT UNIVERSITY  aUNIVERSAL 4aThe Employees' State Insurance Act 1948 aDELHIbUniversal Pub.c2009 a200